000 00876nam a2200265Ia 4500
003 GCL
008 140319s9999 xx 000 0 ara d
040 _aGCL /
_cGCL
082 0 4 _a530.1
_bز ط
100 1 _aزيجنيف د.مسترذيبسكى
245 1 0 _aطبيعة وخواص المواد ( نظام si ) ج1 /
_cزيجنيف د.مسترذيبسكى
700 1 _aعواد الزحلف (مترجم)
700 1 _aاحمد عبيد
260 _a[S.N] :
_bمؤسسة جون ويلى واولاده للطباعة والنشر ،
_c1985
300 _a367 ص
490 _a
650 0 4 _aالالكترونات
650 0 4 _aالفيزياء
650 0 4 _aالايونات
650 0 4 _aالفيزياء الذرية
650 0 4 _aفيزياء الجوامد
650 0 4 _aالفلزات
650 0 4 _aالفلزات الحديدية
942 _2ddc
_cBK
999 _c52760
_d52760